| 000 | 00593nam a2200205Ia 4500 | ||
|---|---|---|---|
| 005 | 20250526122216.0 | ||
| 008 | 140110s9999 xx 000 0 und d | ||
| 020 |
_a9788131306444 _cRs.695.00 |
||
| 040 | _aLoreto College | ||
| 041 | _aEnglish | ||
| 082 |
_a370.1 _bSID |
||
| 100 | _aSiddiqui, Mujibul Hasan | ||
| 245 |
_aPhilosophical and Sociological Perspectives in Education _cMujibul Hasan Siddiqui |
||
| 260 |
_aNew Delhi _bA.P.H. Publishing _c2009 |
||
| 300 | _a288p. | ||
| 650 | _aPhilosophy of education | ||
| 651 | _aSociology and education | ||
| 850 | _aLCBED | ||
| 942 | _cBK | ||
| 999 |
_c36471 _d86950 |
||